Jerarquización de bovino suizo americano con base en evaluación genética y calificación en juzgamiento de ganado / (Record no. 169482)
[ view plain ]
| 000 -CABECERA | |
|---|---|
| campo de control de longitud fija | 01229nam a2200325Ia 4500 |
| 001 - NÚMERO DE CONTROL | |
| campo de control | Z_6238 |
| 003 - IDENTIFICADOR DEL NÚMERO DE CONTROL | |
| campo de control | CHAP |
| 008 - DATOS DE LONGITUD FIJA--INFORMACIÓN GENERAL | |
| campo de control de longitud fija | 220113s2011 xx 000 0 und d |
| 010 ## - NÚMERO DE CONTROL DE LA BIBLIOTECA DEL CONGRESO | |
| Número de control de LC | 169482 |
| 040 ## - FUENTE DE LA CATALOGACIÓN | |
| Centro/agencia transcriptor | CHAP |
| 090 ## - LOCALMENTE ASIGNADO TIPO-LC NÚMERO DE CLASIFICACIÓN (OCLC); NÚMERO DE CLASIFICACIÓN LOCAL (RLIN) | |
| Número de clasificación (OCLC) (R) ; Numero de clasificación, CALL (RLIN) (NR) | Tesis H47 2206 |
| 100 ## - ENTRADA PRINCIPAL--NOMBRE DE PERSONA | |
| Nombre de persona | Hernández León, Miguel |
| 9 (RLIN) | 54213 |
| 245 ## - MENCIÓN DE TÍTULO | |
| Título | Jerarquización de bovino suizo americano con base en evaluación genética y calificación en juzgamiento de ganado / |
| Mención de responsabilidad, etc. | Miguel Hernández León y María Albina Pablo Altunar |
| 260 ## - PUBLICACIÓN, DISTRIBUCIÓN, ETC. | |
| Lugar de publicación, distribución, etc. | Chapingo, México : |
| Nombre del editor, distribuidor, etc. | El autor, |
| Fecha de publicación, distribución, etc. | 2011 |
| 300 ## - DESCRIPCIÓN FÍSICA | |
| Extensión | 69 h. |
| 502 ## - NOTA DE TESIS | |
| Nota de tesis | Tesis (Ingeniero Agrónomo Especialista en Zootecnia) -- UACh, 2011 \ Dirección: Rodolfo Ramírez Valverde ; asesoría: José G. García Muñiz y Agustín Ruíz Flores |
| 650 ## - PUNTO DE ACCESO ADICIONAL DE MATERIA--TÉRMINO DE MATERIA | |
| Término de materia o nombre geográfico como elemento de entrada | Ganado bovino |
| Subdivisión general | suizo americano |
| 9 (RLIN) | 144258 |
| 650 ## - PUNTO DE ACCESO ADICIONAL DE MATERIA--TÉRMINO DE MATERIA | |
| Término de materia o nombre geográfico como elemento de entrada | Juzgamiento del ganado |
| 9 (RLIN) | 144259 |
| 650 ## - PUNTO DE ACCESO ADICIONAL DE MATERIA--TÉRMINO DE MATERIA | |
| Término de materia o nombre geográfico como elemento de entrada | Valor genético |
| 9 (RLIN) | 117669 |
| 700 ## - PUNTO DE ACCESO ADICIONAL--NOMBRE DE PERSONA | |
| Nombre de persona | García Muñiz, José G., asesor |
| 9 (RLIN) | 144260 |
| 700 ## - PUNTO DE ACCESO ADICIONAL--NOMBRE DE PERSONA | |
| Nombre de persona | Ramírez Valverde, Rodolfo, director |
| 9 (RLIN) | 144261 |
| 700 ## - PUNTO DE ACCESO ADICIONAL--NOMBRE DE PERSONA | |
| Nombre de persona | Ruíz Flores, Agustín, asesor |
| 9 (RLIN) | 142674 |
| 700 ## - PUNTO DE ACCESO ADICIONAL--NOMBRE DE PERSONA | |
| Nombre de persona | I. Pablo Altunar, María Albina, coaut. |
| 9 (RLIN) | 144262 |
| 901 ## - ELEMENTOS DE DATOS A LOCAL LDA (RLIN) | |
| a | TESIS H47 2206 |
| 902 ## - ELEMENTOS DE DATOS B LOCAL, LDB (RLIN) | |
| a | M |
| 910 ## - DATOS DE OPCIÓN DEL USUARIO (OCLC) | |
| Datos de opción del usuario | 2011 |
| 942 ## - ELEMENTOS DE PUNTO DE ACCESO ADICIONAL (KOHA) | |
| Tipo de ítem Koha | Tesis_ |
| 942 ## - ELEMENTOS DE PUNTO DE ACCESO ADICIONAL (KOHA) | |
| Tipo de ítem Koha | Tesis_ |
| Estado de retiro | Estado de pérdida | Estado dañado | No para préstamo | Localización permanente | Ubicación/localización actual | Ubicación en estantería | Fecha de adquisición | Información codificada de la localización en otra ubicación | Total de préstamos | Código de barras | Fecha visto por última vez | Número de copia | Precio válido a partir de | Tipo de ítem Koha | Nota pública |
|---|---|---|---|---|---|---|---|---|---|---|---|---|---|---|---|
| Zootecnia | Zootecnia | 03/07/2012 | 2 | z_T 3850 | 18/01/2022 | 1 | 18/01/2022 | Tesis_ | 2 | ||||||
| Zootecnia | Zootecnia | 03/07/2012 | 2 | z_T 3851 | 18/01/2022 | 2 | 18/01/2022 | Tesis_ | 2 | ||||||
| Zootecnia | Zootecnia | 03/07/2012 | 2 | z_T 3852 | 18/01/2022 | 3 | 18/01/2022 | Tesis_ | 3 |
